Averaging methods in nonlinear dynamical systems
Αποθηκεύτηκε σε:
| Κύριος συγγραφέας: | |
|---|---|
| Άλλοι συγγραφείς: | , |
| Μορφή: | Βιβλίο |
| Γλώσσα: | English |
| Δημοσίευση: |
New York :
Springer,
c2007
|
| Έκδοση: | 2nd ed. |
| Σειρά: | Applied mathematical sciences (Springer-Verlag New York Inc.)
; 59 |
| Θέματα: | |
| Ετικέτες: |
Προσθήκη ετικέτας
Δεν υπάρχουν, Καταχωρήστε ετικέτα πρώτοι!
|
MARC
| LEADER | 00000cam a2200000 i 4500 | ||
|---|---|---|---|
| 001 | 1/55349 | ||
| 008 | 070919s2007 eng d | ||
| 020 | |a 978-0-387-48916-2 (hbk.) | ||
| 020 | |a 0-387-48916-9 (hbk.) | ||
| 035 | |l 10090840 | ||
| 040 | |a GR-MY-UA |b gre |e aacr | ||
| 041 | 0 | |a eng | |
| 082 | 0 | |a 515.355 |2 (22) | |
| 100 | 1 | |a Sanders, J. A. |q (Jan A.) | |
| 245 | 1 | 0 | |a Averaging methods in nonlinear dynamical systems / |c J.A. Sanders, F. Verhulst and J. Murdock |
| 250 | |a 2nd ed. | ||
| 260 | |a New York : |b Springer, |c c2007 | ||
| 300 | |a xxi, 431 σ.; |b σχ.; |c 24 εκ. | ||
| 490 | 1 | |a Applied mathematical sciences |v ; 59 | |
| 504 | |a Βιβλιογραφία: σ. [394]-411 | ||
| 504 | |a Περιέχει ευρετήριο | ||
| 650 | 0 | 0 | |a Differential equations, Nonlinear |x Numerical solutions. |
| 650 | 0 | 0 | |a Differentiable dynamical systems. |
| 650 | 0 | 0 | |a Averaging method (Differential equations) |
| 700 | 1 | |a Verhulst, F. |q (Ferdinand) |d 1939- | |
| 700 | 1 | |a Murdock, James A. | |
| 830 | 0 | |a Applied mathematical sciences (Springer-Verlag New York Inc.) |v ; 59 | |
| 852 | |a INST |b LESVOS |e 20070919 |h 515.355 SAN |p 005100039069 |q 005100039069 |t BK |y 0 | ||
| 901 | |a BIBL1-2007-3 | ||
| 909 | |a Λ |b 138943 | ||
| 922 | |a 1ΕΛΗ |b 200708 |c ΕΠΕΑΕΚ2/ΤΕΘ |d ΕΛΕΥΘΕΡΟΥΔΑΚΗΣ | ||
| 970 | |a ΒΑΡΚΑ |b ΕΛΕΥΘΕΡΙΑ |z 2007/09/19 | ||